000 01008nam a2200277 i 4500
001 bg
003 KOSZ 005
005 20221026142323.0
008 071011s1968 pl g 001 0 pol
015 _aPB 1968/10325
040 _aWA N
_cKOSZ 005/RW
_dKOSZ 005/RW
041 1 _apol
_hrus
080 _a14+301
100 1 _aSpirkin, Aleksandr Georgievič
_d(1918-2004).
245 1 0 _aZarys filozofii marksistowskiej /
_cA. G. Spirkin ; tł. Lucyna Smolińska.
246 1 _iTyt. oryg.:
_aKurs marksistskoj fiłosofii.
260 _aWarszawa :
_b"Książka i Wiedza",
_c1968.
300 _a642, [10] s. ;
_c23 cm.
380 _aKsiążki.
504 _aBibliogr. przy rozdz. Indeks.
650 4 _aMaterializm dialektyczny
700 1 _aSmolińska, Lucyna.
_eTł.
710 2 _aSpółdzielnia Wydawniczo-Handlowa "Książka i Wiedza"
_4pbl.
856 _uhttp://koha.tu.koszalin.pl/cgi-bin/koha/opac-detail.pl?biblionumber=11456
_yKatalog online BPK
942 _2UKD
_cKS
999 _c11456
_d11456